cs go - nazwy miejscówek na mapie mirage - Statystyki

Ogólne statystyki
  • Ten quiz został rozwiązany 1 151 razy
  • Średni wynik to 12 z 27
Statystyki odpowiedzi
Wskazówka Odpowiedź % Poprawnych
Okolice A Pałac
87%
Okolice Mida Okno
78%
Okolice Mida / B Short
75%
Okolice B Kuchnia
72%
Okolice A Rampa
71%
Okolice A Ninja
70%
Okolice A Schody
69%
Pozostałe Under
66%
Okolice A Dżungla
65%
Okolice A Kanapka
61%
Okolice B Ławka
61%
Okolice A Drewno
57%
Okolice A Tetris
57%
Okolice Respa CT Ticket
51%
Okolice Mida Krzesło
43%
Okolice Mida / A Łącznik
42%
Okolice A Palące
39%
Okolice B Edward
35%
Okolice A Standard
31%
Okolice Mida Zakręt
25%
Okolice B Van
23%
Pozostałe TV room
22%
Okolice A Druga Ninja
13%
Okolice Mida / B Ladder room
12%
Okolice Respa CT Schody CT
4%
Okolice B Apsy B
3%
Okolice Mida Beczki
3%
Nie znaleziono quizów pasujących do podanych kryteriów
Rozkład punktacji
Procent ludzi z każdym wynikiem
Percentyl według liczby udzielonych odpowiedzi
Twoja historia wyników
Nie rozwiązałeś tego quizu